| 000 | 00839nam a2200145Ia 4500 | ||
|---|---|---|---|
| 008 | 090124s9999 xx 000 0 und d | ||
| 082 | _b33868 | ||
| 245 | _a" त्रिवेणी भासकृत बालचरितम, कालिदासकृत ऋतुसंहार : मेघदूत संस्कृत साि" | ||
| 250 | _a1 | ||
| 260 |
_bशेवाळकर राम _c2006 |
||
| 300 | _a332 | ||
| 630 | _a" त्रिवेणी भासकृत बालचरितम, कालिदासकृत ऋतुसंहार : मेघदूत संस्कृत साि" | ||
| 730 | _a" त्रिवेणी भासकृत बालचरितम, कालिदासकृत ऋतुसंहार : मेघदूत संस्कृत साि" | ||
| 942 | _cBOOK | ||
| 999 |
_c188735 _d188735 |
||